Issues in curating contemporary art and performance / (Record no. 30308)
[ view plain ]
| 000 -LEADER | |
|---|---|
| fixed length control field | 02048nam a2200349 i 4500 |
| 001 - CONTROL NUMBER | |
| control field | 014556328 |
| 003 - CONTROL NUMBER IDENTIFIER | |
| control field | EG-ScBUE |
| 005 - DATE AND TIME OF LATEST TRANSACTION | |
| control field | 20230509094852.0 |
| 008 - FIXED-LENGTH DATA ELEMENTS--GENERAL INFORMATION | |
| fixed length control field | 071027s2007 enka f b 000 0 eng d |
| 020 ## - INTERNATIONAL STANDARD BOOK NUMBER | |
| International Standard Book Number | 9781841505367 |
| 035 ## - SYSTEM CONTROL NUMBER | |
| System control number | (OCoLC)179836662 |
| 040 ## - CATALOGING SOURCE | |
| Original cataloging agency | BTCTA |
| Language of cataloging | eng |
| Description conventions | rda |
| Transcribing agency | BTCTA |
| Modifying agency | BAKER |
| -- | YDXCP |
| -- | UAB |
| -- | IXA |
| -- | BWK |
| -- | CDX |
| -- | MDS |
| -- | AU@ |
| -- | VRC |
| -- | Uk |
| -- | EG-ScBUE |
| 082 04 - DEWEY DECIMAL CLASSIFICATION NUMBER | |
| Classification number | 708.0075 |
| Edition number | 22 |
| Item number | ISS |
| 245 00 - TITLE STATEMENT | |
| Title | Issues in curating contemporary art and performance / |
| Statement of responsibility, etc | edited by Judith Rugg and Michèle Sedgwick. |
| 264 #1 - PUBLICATION, DISTRIBUTION, ETC. (IMPRINT) | |
| Place of publication, distribution, etc | Bristol, UK : |
| Name of publisher, distributor, etc | Intellect Books, |
| Date of publication, distribution, etc | 2007. |
| 300 ## - PHYSICAL DESCRIPTION | |
| Extent | 183 pages : |
| Other physical details | illustrations ; |
| Dimensions | 24 cm |
| 336 ## - CONTENT TYPE | |
| Content type term | text |
| Source | rdacontent |
| Content type code | txt |
| 337 ## - MEDIA TYPE | |
| Media type term | unmediated |
| Source | rdamedia |
| Media type code | n |
| 338 ## - CARRIER TYPE | |
| Carrier type term | volume |
| Source | rdacarrier |
| Carrier type code | nc |
| 504 ## - BIBLIOGRAPHY, ETC. NOTE | |
| Bibliography, etc | Includes bibliographical references. |
| 505 0# - FORMATTED CONTENTS NOTE | |
| Formatted contents note | The curatorial turn : from practice to discourse / Paul O'Neill -- Curatorial strategy as critical intervention : the genesis of Facing east / Liz Wells -- No place like home : Europa / Sophia Phoca -- Critical spacial practice : curating, editing, writing / Jane Rendell -- Exhibitions and their prerequisites / Chris Dorsett -- Curating doubt / JJ Charlesworth -- A parallel universe : the "women's" exhibitions at the ICA, 1980, and the UK/Canadian Film and Video Exchange, 1998-2004 / Catherine Elwes -- Thoughts on curating / Richard Hylton -- Oscillating the "high/low" art divide : animation in museums and galleries / Suzanne Buchan -- Generator : the value of software art / Geoff Cox -- Who makes site-specific dance? : the year of the artist and the matrix of curating / Kate Lawrence -- The movement began with a scandal / Alun Rowlands. |
| 650 #7 - SUBJECT ADDED ENTRY--TOPICAL TERM | |
| Topical term or geographic name as entry element | Art and technology. |
| Source of heading or term | BUEsh |
| 650 #7 - SUBJECT ADDED ENTRY--TOPICAL TERM | |
| Topical term or geographic name as entry element | Museums |
| General subdivision | Curatorship. |
| Source of heading or term | BUEsh |
| 650 #7 - SUBJECT ADDED ENTRY--TOPICAL TERM | |
| Topical term or geographic name as entry element | Art |
| General subdivision | Exhibition techniques. |
| Source of heading or term | BUEsh |
| 653 ## - INDEX TERM--UNCONTROLLED | |
| Resource For college | Arts and Design |
| Arrived date list | May2023 |
| 655 ## - INDEX TERM--GENRE/FORM | |
| Form subdivision | Reading book |
| 700 1# - ADDED ENTRY--PERSONAL NAME | |
| Personal name | Rugg, Judith, |
| Relator term | editor. |
| 700 1# - ADDED ENTRY--PERSONAL NAME | |
| Personal name | Sedgwick, Michèle, |
| Relator term | editor. |
| 942 ## - ADDED ENTRY ELEMENTS (KOHA) | |
| Source of classification or shelving scheme | Dewey Decimal Classification |
| Koha item type | Book - Borrowing |
| Withdrawn status | Lost status | Source of classification or shelving scheme | Damaged status | Not for loan | Collection code | Home library | Current library | Shelving location | Date acquired | Source of acquisition | Cost, normal purchase price | Serial Enumeration / chronology | Total Checkouts | Full call number | Barcode | Date last seen | Date checked out | Cost, replacement price | Price effective from | Koha item type |
|---|---|---|---|---|---|---|---|---|---|---|---|---|---|---|---|---|---|---|---|---|
| Dewey Decimal Classification | Baccah | Central Library | Central Library | Second Floor | 09/05/2023 | Purchase | 1654.00 | 37380 | 1 | 708.0075 ISS | 000044962 | 15/07/2025 | 10/10/2023 | 2067.50 | 09/05/2023 | Book - Borrowing |